00849nam a2200265Ia 4500003000900000005001700009008004100026040003300067041000800100080001100108100003200119245002300151250006700174260003400241300002100275650002300296650006700319650001900386650003200405650001000437700001600447942000700463952009600470999001700566LK-CoDNM20240930093647.0010623t1922 xxu||||| |||| 00| 1 eng d aLK-CoDNMdLK-CoDNMeLK-CoDNM aeng a24bL7 aFowler, F.G. & Fowler, H.W. aThe King's English aCompilers of the concise oxford dictionary of current English  bClarendon PressaOxfordc1922 bx, 370p. ; 19 cm aThe King's English aCompilers of the concise oxford dictionary of current English  aSecond edition aFowler, F.G. & Fowler, H.W. a24 L7 aFowler,H.W. cBK 001041708OBCaMAINbMAINcREFd2024-09-30l0o24 L7pOJP2205r2024-09-30w2024-09-30yBK c91098d91098